| 000 | 00646nam a22001937a 4500 | ||
|---|---|---|---|
| 005 | 20240530110606.0 | ||
| 008 | 160504s2013 ua a f 000 0 ara d | ||
| 017 |
_a2013/3238 _bمصر . دار الكتب المصرية |
||
| 020 | _a9789774481987 | ||
| 040 | _aEG-CaGPL | ||
| 082 | 0 | 4 |
_221 _a726.2 _bق/ح ق |
| 100 | 0 | _aحمدى ابوجليل . | |
| 245 | 1 | 2 |
_aالقاهرة جوامع و حكايات : _cحمدى ابوجليل . |
| 300 |
_a326 ص ؛ _c22 سم . |
||
| 650 | 0 | 4 |
_aالمساجد _zالقاهرة . |
| 651 | 0 | 4 |
_aالقاهرة _xوصف ورحلات . |
| 942 |
_2ddc _cBK |
||
| 999 |
_c62763 _d62763 |
||